<?xml version="1.0" encoding="UTF-8"?>
<marc:record xmlns:marc="http://www.loc.gov/MARC21/slim">
   <marc:leader>00000nam a2200000 a 4500</marc:leader>
   <marc:datafield ind1="1" ind2=" " tag="100">
      <marc:subfield code="a">Keaney, Brian</marc:subfield>
      <marc:subfield code="4">aut</marc:subfield>
      <marc:subfield code="e">Verfasser/-in</marc:subfield>
   </marc:datafield>
   <marc:datafield ind1="0" ind2="0" tag="245">
      <marc:subfield code="a">Spotlight</marc:subfield>
   </marc:datafield>
   <marc:datafield ind1="0" ind2="0" tag="245">
      <marc:subfield code="c">Brian Keaney</marc:subfield>
   </marc:datafield>
   <marc:datafield ind1=" " ind2="1" tag="264">
      <marc:subfield code="a">Freiburg [Brsg.] [u.a.]</marc:subfield>
      <marc:subfield code="b">Herder [u.a.]</marc:subfield>
      <marc:subfield code="c">1990</marc:subfield>
   </marc:datafield>
   <marc:datafield ind1="1" ind2=" " tag="520">
      <marc:subfield code="a">Mit 16 Jahren verlässt Sean die Schule und weiss nicht so recht, was er machen soll. Sein Englischlehrer, der seine musikalische Begabung erkannt hat, animiert ihn, als Profi Popmusik zu machen und organisiert seine Karriere. Sean spielt Keyboard und komponiert, sein Freund Con erweist sich als begabter Sänger und als Showtalent. Als sie es gerade geschafft haben, muss Sean wegen eines von Con verschuldeten Unfalls aussetzen. Con macht währenddessen seinen Weg ohne Sean und lässt ihn fallen. Hier wird die Popszene, in der der Weg nach oben hart, arbeitsam und langwierig ist, realistisch beschrieben. Zentrales Thema ist auch die Entwicklung der beiden Freunde, die auf Druck, Stress und Erfolg vollkommen verschieden reagieren und deren Freundschaft daran zerbricht. Empfohlen ab 13.</marc:subfield>
   </marc:datafield>
   <marc:datafield ind1=" " ind2=" " tag="020">
      <marc:subfield code="a">3210249644</marc:subfield>
      <marc:subfield code="9">3210249644</marc:subfield>
   </marc:datafield>
   <marc:datafield ind1=" " ind2=" " tag="500">
      <marc:subfield code="a">Aus d. Engl. übers.</marc:subfield>
   </marc:datafield>
   <marc:datafield ind1="0" ind2=" " tag="490">
      <marc:subfield code="v">0</marc:subfield>
   </marc:datafield>
   <marc:datafield ind1=" " ind2=" " tag="300">
      <marc:subfield code="a">144 S.</marc:subfield>
   </marc:datafield>
</marc:record>
